Podmíněnost vývoje produktivity práce základními výrobními fondy v čs. ekonomice v období 1950-1985

Gespeichert in:
Bibliographische Detailangaben
1. Verfasser: Barvík, Jaromír
Format: Buch
Sprache:Tschechisch
Veröffentlicht: Praha Ústředí vědeckých, technických a ekonomických informací 1988
Tags: Tag hinzufügen
Keine Tags, Fügen Sie das erste Tag hinzu!

MARC

LEADER 00000nam a2200000 4500
001 c039382
005 20251204074605.4
041 0 |a cze 
044 |a CZ 
245 1 0 |a Podmíněnost vývoje produktivity práce základními výrobními fondy v čs. ekonomice v období 1950-1985  |c Jaromír Barvík 
264 1 |a Praha  |b Ústředí vědeckých, technických a ekonomických informací  |c 1988 
300 |a 57 s. 
100 1 |a Barvík, Jaromír